Refranes / (Record no. 17961)
[ view plain ]
| 000 -LEADER | |
|---|---|
| fixed length control field | 00899nam a2200277Ia 4500 |
| 001 - CONTROL NUMBER | |
| control field | 61731772 |
| 003 - CONTROL NUMBER IDENTIFIER | |
| control field | OCoLC |
| 005 - DATE AND TIME OF LATEST TRANSACTION | |
| control field | 20170630152038.0 |
| 008 - FIXED-LENGTH DATA ELEMENTS--GENERAL INFORMATION | |
| fixed length control field | 050929s2005 nyua j 000 0 spa d |
| 020 ## - INTERNATIONAL STANDARD BOOK NUMBER | |
| International Standard Book Number | 0439783461 (pbk.) |
| 020 ## - INTERNATIONAL STANDARD BOOK NUMBER | |
| International Standard Book Number | 9780439783460 (pbk.) |
| 040 ## - CATALOGING SOURCE | |
| Original cataloging agency | JBO |
| Transcribing agency | JBO |
| Modifying agency | BAKER |
| -- | CO2 |
| 041 ## - LANGUAGE CODE | |
| Language code of text/sound track or separate title | spa |
| 049 ## - LOCAL HOLDINGS (OCLC) | |
| Holding library | CO2A |
| 092 ## - LOCALLY ASSIGNED DEWEY CALL NUMBER (OCLC) | |
| Feature heading | SPA J |
| Classification number | 398.961 |
| Item number | LONGO |
| 100 1# - MAIN ENTRY--PERSONAL NAME | |
| Personal name | Longo, Alejandra. |
| 245 10 - TITLE STATEMENT | |
| Title | Refranes / |
| Statement of responsibility, etc. | Alejandra Longo ; ilustraciones, Daniel Chaskielberg ; dese©ło, Andr©♭s Sobrino. |
| 246 ## - VARYING FORM OF TITLE | |
| Title proper/short title | Refranes : |
| Remainder of title | al mal tiempo, buena cara |
| 260 ## - PUBLICATION, DISTRIBUTION, ETC. (IMPRINT) | |
| Place of publication, distribution, etc. | New York : |
| Name of publisher, distributor, etc. | Scholastic, |
| Date of publication, distribution, etc. | 2005. |
| 300 ## - PHYSICAL DESCRIPTION | |
| Extent | 1 v. (unpaged) : |
| Other physical details | col. ill. ; |
| Dimensions | 21 cm. |
| 500 ## - GENERAL NOTE | |
| General note | "Scholastic en Espanol"--Cover. |
| 650 #0 - SUBJECT ADDED ENTRY--TOPICAL TERM | |
| Topical term or geographic name as entry element | Proverbs, Spanish |
| Form subdivision | Juvenile literature. |
| 650 #7 - SUBJECT ADDED ENTRY--TOPICAL TERM | |
| Topical term or geographic name as entry element | Proverbios espanoles |
| Form subdivision | Literatura juvenil. |
| Source of heading or term | bidex. |
| 690 ## - LOCAL SUBJECT ADDED ENTRY--TOPICAL TERM (OCLC, RLIN) | |
| Topical term or geographic name as entry element | Spanish language materials. |
| 942 ## - ADDED ENTRY ELEMENTS (KOHA) | |
| Koha item type | Libro/Book |
No items available.